Günümüz Kıbrıslı Türk Şiirinden 20 Şair (Record no. 1008)

000 -LEADER
fixed length control field 00493nam a22001577a 4500
008 - FIXED-LENGTH DATA ELEMENTS--GENERAL INFORMATION
fixed length control field 170807b xxu||||| |||| 00| p tur d
041 ## - LANGUAGE CODE
Language code of text/sound track or separate title Türkçe
100 ## - MAIN ENTRY--PERSONAL NAME
9 (RLIN) 376
Personal name Fikret Demirağ
245 ## - TITLE STATEMENT
Title Günümüz Kıbrıslı Türk Şiirinden 20 Şair
Statement of responsibility, etc. Fikret Demirağ; Editör: Bülent Usta
260 ## - PUBLICATION, DISTRIBUTION, ETC.
Place of publication, distribution, etc. İstanbul
Name of publisher, distributor, etc. Komşu Yayınları
Date of publication, distribution, etc. Eylül 2008
300 ## - PHYSICAL DESCRIPTION
Extent 139 sayfa
500 ## - GENERAL NOTE
General note YASAKMEYVE DERGİSİ EKİ-9
650 #0 - SUBJECT ADDED ENTRY--TOPICAL TERM
9 (RLIN) 145
Topical term or geographic name entry element Türk Edebiyatı
700 ## - ADDED ENTRY--PERSONAL NAME
Personal name Usta, Bülent
9 (RLIN) 665
942 ## - ADDED ENTRY ELEMENTS (KOHA)
Source of classification or shelving scheme
Koha item type Books
Holdings
Withdrawn status Lost status Source of classification or shelving scheme Damaged status Not for loan Permanent Location Current Location Shelving location Date acquired Barcode Date last seen Price effective from Koha item type
        Ödünç verilemez İmren Ahmet Tüzün Kütüphanesi İmren Ahmet Tüzün Kütüphanesi Ahmet Tüzün 2017-08-07 100100000986 2017-08-07 2017-08-07 Books

This software was implemented, installed and managed by Devinim Software Training Consulting .